| 000 | 00348nam a2200145Ia 4500 | ||
|---|---|---|---|
| 008 | 191201s2005 xx 000 0 und d | ||
| 082 |
_a005.26 _bPAM |
||
| 100 | _aPAL, Ajit | ||
| 245 | 0 | _aMicroprocessors Principles and Applications | |
| 250 | _a16th | ||
| 260 |
_aN.Delhi _bTMH _c2005 |
||
| 300 | _a332 | ||
| 650 | _aB.Tech(CSE) | ||
| 942 |
_2ddc _cBK |
||
| 999 |
_c2016 _d2016 |
||